Obálka Náhled e-knihy:
PDF Epub
Pro půjčování e-knih musíte být přihlášeni.
Jak si půjčit online?

Její vina /

Jeden pohřešovaný chlapec. Čtyři ženy na vině. ... Irská autorka Andrea Mara představuje svůj druhý napínavý thriller.

Uloženo v:
Hlavní autor: Mara, Andrea, 1974- (Autor)
Další autoři: David, Jan (Autor)
Médium: E-kniha
Jazyk:Czech
Vydáno: Praha : Dobrovský s.r.o., 2025
Edice:Vendeta
Témata:
Tagy:
Žádné tagy
LEADER 02673nam a2200445 i 4500
001 312816
003 CZ PrSKC
005 20260601215729.0
007 ta
008 250916s2025 xr g 000 f cze
015 |a cnb003709089 
020 |a 9788027742264  |q (vázáno) 
035 |a (OCoLC)1559931877 
040 |a ABG001  |b cze  |d BOA001  |e rda 
041 1 |a cze  |h eng 
072 7 |a 821.111-3  |x Anglická próza, anglicky psaná  |2 Konspekt 
080 |a 821.111(415)-31  |2 MRF 
080 |a (0:82-312.4)  |2 MRF 
100 1 |a Mara, Andrea,  |d 1974-  |7 xx0331043  |4 aut 
240 1 0 |a All her fault.  |l Česky 
245 1 0 |a Její vina /  |c Andrea Mara ; přeložil Jan David 
264 1 |a Praha :  |b Dobrovský s.r.o.,  |c 2025 
300 |a 391 stran ;  |c 21 cm 
336 |a text  |b txt  |2 rdacontent 
337 |a bez média  |b n  |2 rdamedia 
338 |a svazek  |b nc  |2 rdacarrier 
490 1 |a Vendeta 
500 |a Přeloženo z angličtiny 
520 2 |a Jeden pohřešovaný chlapec. Čtyři ženy na vině. ... Irská autorka Andrea Mara představuje svůj druhý napínavý thriller.  |b Marissa Irvinová, přední právnička bohaté dublinské čtvrti, dorazí na adresu, kde si má její syn Milo po škole hrát s kamarádem. Neotevře jí však matka synova spolužáka, nýbrž zcela neznámá žena. Milo tam není. Tím začíná nejhorší noční můra každého rodiče. ... Když zpráva o chlapcově zmizení prosákne klidným předměstím Dublinu a padne jméno nečekaného viníka, začne se šeptat o ženách, jež jsou se šokující událostí spojeny. Jen jedna z nich totiž mohla Mila vzít - ale vinu lze svrhnout na všechny... Na povrch začnou vyplouvat skutečnosti ze života prominentních obyvatel čtvrti, kteří mají zdánlivě všechno, co si člověk může přát - peníze, prestižní povolání a vlivné přátele. Kdo je v komunitě plné tajemství opravdu vinen? Nakladatelská anotace. Kráceno. 
655 7 |a irské romány (anglicky)  |7 fd132475  |2 czenas 
655 7 |a thrillery (romány)  |7 fd184206  |2 czenas 
655 9 |a Irish fiction (English)  |2 eczenas 
655 9 |a thrillers (novels)  |2 eczenas 
700 1 |a David, Jan  |4 trl 
830 0 |a Vendeta 
900 |a ABA001  |b 20 
044 |a xr 
910 |a RBIT002 
998 |d 422435  |a https://core.palmknihy.cz/api/books/422435/cover?t2qi32  |b https://core.palmknihy.cz/api/books/422435/cover/400?t2qi32  |c https://core.palmknihy.cz/api/books/422435/cover/50?t2qi32  |e 2029-11-15  |g 400  |i 9788027742264  |j https://core.palmknihy.cz/api/books/422435/preview.epub  |k https://core.palmknihy.cz/api/books/422435/preview.pdf  |l   |q 49  |r 1  |s https://www.palmknihy.cz/kniha/422435  |t ebook  |y 2025  |z 0 
999 |d 312814